[Event "Komsomolsky"]
[Site "Komsomolsky"]
[Date "2009.05.15"]
[Round "2"]
[White "Hudyakov, Sergey"]
[Black "Ilchenko, Nadezhda"]
[Result "1-0"]
[WhiteElo "2234"]
[BlackElo "2195"]
[PlyCount "111"]
[EventDate "2009.05.15"]
[EventType "tourn"]
[EventRounds "9"]
[EventCountry "RUS"]
[SourceTitle "EXT 2022"]
[Source "ChessBase"]
[SourceDate "2021.10.06"]
[SourceVersion "1"]
[SourceVersionDate "2021.10.06"]
[SourceQuality "1"]

1. d4 d5 2. c4 e6 3. Nc3 Nf6 4. cxd5 exd5 5. Bg5 Be7 6. e3 0-0 7. Qc2 h6 8. Bh4 c6 9. Bd3 Bg4 10. h3 Be6 11. Nf3 Nbd7 12. 0-0 Rc8 13. Bg3 c5 14. dxc5 Nxc5 15. Qb1 Qb6 16. Be5 Rfd8 17. Rd1 Ncd7 18. Bd4 Bc5 19. Na4 Qd6 20. Nxc5 Nxc5 21. Bxf6 gxf6 22. b3 Bd7 23. Qb2 Qe7 24. Qa3 Re8 25. Qxa7 Bc6 26. Qa3 Ra8 27. Qb4 Kh8 28. Qh4 Kg7 29. Nd4 Bd7 30. Bf5 Bc6 31. Rdc1 Ne6 32. Qg4+ Kh8 33. Qh5 Qf8 34. Nxc6 bxc6 35. Rxc6 Rec8 36. Rxc8 Rxc8 37. Rd1 Rd8 38. Bb1 Qg7 39. Rxd5 Rg8 40. g3 Rc8 41. Qd1 Rg8 42. b4 Ng5 43. Kh2 Qf8 44. h4 Ne6 45. Qd3 Qg7 46. b5 Nf8 47. Rd8 Ng6 48. a4 Ne5 49. Rxg8+ Qxg8 50. Qf5 Ng4+ 51. Kh3 Ne5 52. Qxf6+ Qg7 53. Qxg7+ Kxg7 54. b6 Nc6 55. Be4 Nb8 56. a5 1-0

[Event "Komsomolsky"]
[Site "Komsomolsky"]
[Date "2009.05.15"]
[Round "6"]
[White "Yushinov, Nikolay"]
[Black "Ilchenko, Nadezhda"]
[Result "0-1"]
[WhiteElo "2410"]
[BlackElo "2195"]
[PlyCount "36"]
[EventDate "2009.05.15"]
[EventType "tourn"]
[EventRounds "9"]
[EventCountry "RUS"]
[SourceTitle "EXT 2022"]
[Source "ChessBase"]
[SourceDate "2021.10.06"]
[SourceVersion "1"]
[SourceVersionDate "2021.10.06"]
[SourceQuality "1"]

1. e4 e5 2. Nc3 Nf6 3. g3 d5 4. exd5 Nxd5 5. Bg2 Be6 6. Nf3 Nc6 7. 0-0 Bd6 8. d4 Nxc3 9. bxc3 Qd7 10. Qd3 0-0 11. dxe5 Nxe5 12. Nxe5 Bxe5 13. Bxb7 Rab8 14. Be4 Qxd3 15. Bxd3 Bxc3 16. Ba3 Rfe8 17. Rab1 Bg4 18. Rb3 Bd4 0-1